Journal of Teaching and Learning with Technology | Indiana University Office of Scholarly Publishing

Chi tiết về thư mục
Định dạng: Điện tử Tạp chí
Ngôn ngữ:English
Được phát hành: Cambridge University Press
Truy cập trực tuyến:Full text available on Research4Life (HINARI,AGORA,OARE,ARDI & GOALI)
LEADER 00793cas a2200169 a 4500
001 AALejournalResearch4Life010366
008 240902c9999 xx r poo 0 0eng d
022 |a 21652554 
040 |a BD-DhAAL  |c BD-DhAAL 
245 0 0 |h [electronic resource]  |a Journal of Teaching and Learning with Technology | Indiana University Office of Scholarly Publishing 
260 |b Cambridge University Press 
300 |a 1 online resource 
362 0 |a 2012 - current issue 
500 |a <strong>On-Campus Access Only (IP based access)</strong> 
506 |a Electronic access restricted to authorized BRAC University faculty, staff and students 
538 |a Mode of access: Internet 
856 4 0 |z Full text available on Research4Life (HINARI,AGORA,OARE,ARDI & GOALI)  |u https://scholarworks.iu.edu/journals/index.php/jotlt